The Ayodhya Alliance (Record no. 46460)

MARC details
000 -LEADER
fixed length control field 00404nam a22001697a 4500
005 - DATE AND TIME OF LATEST TRANSACTION
control field 20250812120156.0
008 - FIXED-LENGTH DATA ELEMENTS--GENERAL INFORMATION
fixed length control field 250812b |||||||| |||| 00| 0 eng d
020 ## - INTERNATIONAL STANDARD BOOK NUMBER
International Standard Book Number 9789369896448
041 ## - LANGUAGE CODE
Language code of text/sound track or separate title Eng
082 ## - DEWEY DECIMAL CLASSIFICATION NUMBER
Classification number 954 SAN
100 ## - MAIN ENTRY--PERSONAL NAME
Author Sanghi, Ashwin
245 ## - TITLE STATEMENT
Title The Ayodhya Alliance
260 ## - PUBLICATION, DISTRIBUTION, ETC.
Place Gurugram
Publisher Happer Collions
300 ## - PHYSICAL DESCRIPTION
Extent 538;. p. 22 cm
650 ## - SUBJECT ADDED ENTRY--TOPICAL TERM
Subject History; Fiction
942 ## - ADDED ENTRY ELEMENTS (KOHA)
Koha item type Books
Holdings
Withdrawn status Lost status Source of classification or shelving scheme Damaged status Not for loan Home library Current library Shelving location Accession Date Vendor Price Bill number Total Checkouts Full call number Barcode No Date due Date last seen Date last checked out Bill Date Koha item type Suggested By
    Dewey Decimal Classification     IMTN IMTN Rack 41-B 08/11/2025 Amazon.in 373.00 HYD8- 142024 3 954 SAN 33930 01/16/2026 01/06/2026 01/06/2026 07/09/2025 Books Faculty Purchase by Jitendra Sharma
Designed & Maintained by: LRC IMT Nagpur Contact: lrc@imtnag.ac.in© 2024. All Rights Reserved.